[Вып.] 108 : Сплайн-аппроксимация и численный анализ: [сборник]; Вычислительные системы

Xehetasun bibliografikoak
Parent link:Вычислительные системы: сборник научных трудов/ Академия наук СССР (АН СССР), Сибирское отделение (СО), Институт математики. [Вып.] 108 : Сплайн-аппроксимация и численный анализ.— , 1964-2008
Beste egile batzuk: Завьялов Ю. С. (редактор), Фадеев С. И.
Hizkuntza:errusiera
Argitaratua: 1985
Gaiak:
Formatua: Liburua
KOHA link:https://koha.lib.tpu.ru/cgi-bin/koha/opac-detail.pl?biblionumber=277896

MARC

LEADER 00000nam2a2200000 4500
001 277896
005 20231101235047.0
035 |a (RuTPU)RU\TPU\book\301173 
090 |a 277896 
100 |a 20141208d1985 k y0rusy50 ca 
101 0 |a rus 
102 |a RU 
105 |a a z 001zy 
200 0 |a [Вып.] 108 : Сплайн-аппроксимация и численный анализ  |e [сборник]  |f науч. ред. Ю. С. Завьялов , С. И. Фадеев 
210 |d 1985 
215 |a 131 с.  |c ил. 
320 |a Библиография в конце статей 
461 1 |0 (RuTPU)RU\TPU\book\41273  |t Вычислительные системы  |o сборник научных трудов  |f Академия наук СССР (АН СССР), Сибирское отделение (СО), Институт математики  |v [Вып.] 108 : Сплайн-аппроксимация и численный анализ  |d 1964-2008 
606 1 |a Аппроксимация  |x (математика)  |2 stltpush  |3 (RuTPU)RU\TPU\subj\29313  |9 52675 
610 1 |a численный анализ 
610 1 |a сплайн-аппроксимация 
610 1 |a интерполяционные сплайны 
610 1 |a кубические сплайны 
610 1 |a приближение 
610 1 |a погрешности 
610 1 |a сглаживающие сплайны 
610 1 |a приближение Чебышева 
610 1 |a трансцендентные уравнения 
610 1 |a швейное производство 
610 1 |a фигуры 
610 1 |a математические модели 
610 1 |a скелет 
610 1 |a эквидистанта 
610 1 |a построение 
610 1 |a автоматизация 
675 |a 517.518.8  |v 4 
702 1 |a Завьялов  |b Ю. С.  |4 340 
702 1 |a Фадеев  |b С. И.  |4 340 
801 1 |a RU  |b 63413507  |c 20141208 
801 2 |a RU  |b 63413507  |c 20170314  |g RCR 
942 |c BK